00294nam a2200121Ia 4500008004100000100002600041245003300067260003000100300000800130650001000138942000700148999001700155190216s9999||||xx |||||||||||||| ||und|| aLalith Kishore Pandey 0aHindi-Bhouthiki Ke Naye Ayam bEverest Publicationc2008 a240 aHindi cBK c16588d16588